| 000 | 00461cam a22002054a 4500 | ||
|---|---|---|---|
| 005 | 20250605164157.0 | ||
| 008 | 250528s ||||||||||||||||||||||||d | ||
| 035 | _a19623 | ||
| 020 | _a713122951 | ||
| 040 |
_aGR-AtMCL _bgre _dGR-AtMCL _eAACR2 |
||
| 245 | 1 | _aPROBLEMS IN PHYSICS | |
| 250 | _a6 | ||
| 260 | _c1971 | ||
| 300 | _a186 | ||
| 700 | 1 |
_aEdward Arnold _9242 |
|
| 700 | 1 |
_aTyler Frank _95825 |
|
| 942 | _cBK | ||
| 999 |
_c4879 _d4879 |
||